LIBRARY & INFORMATION CENTRE, KCAET, TAVANUR

ONLINE PUBLIC ACCESS CATALOGUE (OPAC)

New poems / (Record no. 4023)

MARC details
000 -LEADER
fixed length control field 00381cam a2200157ua 4500
041 ## - LANGUAGE CODE
Language code of text/sound track or separate title eng
082 ## - DEWEY DECIMAL CLASSIFICATION NUMBER
Classification number 821
Item number CRA/NE
100 ## - MAIN ENTRY--AUTHOR NAME
Personal name Crabbe, George .
245 ## - TITLE STATEMENT
Title New poems /
250 ## - EDITION STATEMENT
Edition statement 1 /
260 ## - PUBLICATION, DISTRIBUTION, ETC. (IMPRINT)
Place of publication Liverpool-7 :
Name of publisher Liverpool university press ,
Year of publication 1960.
300 ## - PHYSICAL DESCRIPTION
Number of Pages 189 ; .
942 ## - ADDED ENTRY ELEMENTS (KOHA)
Koha item type Books
Holdings
Withdrawn status Lost status Damaged status Home library Current library Date acquired Full call number Accession Number Koha item type
Withdrawn     KAUAET Malayalam University 07/04/2012 821 11592 Books
free website counter